Physics of The Earth (Record no. 3449)

MARC details
000 -LEADER
fixed length control field 00573nam a22002177a 4500
003 - CONTROL NUMBER IDENTIFIER
control field OSt
005 - DATE AND TIME OF LATEST TRANSACTION
control field 20160408235217.0
008 - FIXED-LENGTH DATA ELEMENTS--GENERAL INFORMATION
fixed length control field 160408b xxu||||| |||| 00| 0 eng d
020 ## - INTERNATIONAL STANDARD BOOK NUMBER
International Standard Book Number 9780521873628
040 ## - CATALOGING SOURCE
Transcribing agency DDC
082 ## - DEWEY DECIMAL CLASSIFICATION NUMBER
Classification number 530 STA 2008
100 ## - MAIN ENTRY--PERSONAL NAME
Personal name Stacey, Frank D; Davis Paul M.
9 (RLIN) 7713
245 ## - TITLE STATEMENT
Title Physics of The Earth
250 ## - EDITION STATEMENT
Edition statement 4th ed.
260 ## - PUBLICATION, DISTRIBUTION, ETC. (IMPRINT)
Place of publication, distribution, etc. Cambridge University Press, 2008
300 ## - PHYSICAL DESCRIPTION
Extent xi,532p; ill: 26cm
504 ## - BIBLIOGRAPHY, ETC. NOTE
Bibliography, etc Appendix, references, & index included
650 ## - SUBJECT ADDED ENTRY--TOPICAL TERM
Topical term or geographic name as entry element Physics
9 (RLIN) 809
650 ## - SUBJECT ADDED ENTRY--TOPICAL TERM
Topical term or geographic name as entry element The Earth
9 (RLIN) 7714
942 ## - ADDED ENTRY ELEMENTS (KOHA)
Source of classification or shelving scheme Dewey Decimal Classification
Koha item type Open Shelf
Holdings
Withdrawn status Lost status Source of classification or shelving scheme Damaged status Not for loan Home library Current library Date acquired Source of acquisition Inventory number Total Checkouts Full call number Barcode Date last seen Koha item type
    Dewey Decimal Classification     MUST Main Library MUST Main Library 08/04/2016   10/32064   530 STA 2008 2016-0690 08/04/2016 Open Shelf